| 000 | 00343nam a2200133 a 4500 | ||
|---|---|---|---|
| 008 | 970307s1971||||xx 0 und c | ||
| 040 |
_aSNK _bslo _cSNK _eAACR2 |
||
| 245 | 1 | 0 |
_aKomunistická internacionála _bStručný náčrt dejín |
| 260 |
_aBratislava _bPravda _c1971 |
||
| 300 | _a192 s. | ||
| 041 | _aslo | ||
| 044 |
_axo _cSK |
||
| 020 | _c30 | ||
| 999 |
_c15535 _d15535 |
||